|
|
|
|
| LEADER |
00913nam a2200217 u 4500 |
| 001 |
10027228 |
| 003 |
upatras |
| 005 |
20210419102925.0 |
| 008 |
950925s1973 it ita |
| 952 |
|
|
|0 0
|1 0
|4 0
|6 530_120000000000000_IND
|7 0
|9 197652
|a PHYS
|b PHYS
|d 2016-04-24
|i 01581
|l 0
|o 530.12 IND
|r 2016-04-24 00:00:00
|t 1
|w 2016-04-24
|y BK15
|
| 999 |
|
|
|c 121417
|d 121417
|
| 040 |
|
|
|a GR-PaULI
|c GR-PaULI
|b gre
|e AACR2
|
| 082 |
|
|
|2 23
|a 530.12
|
| 245 |
1 |
0 |
|a Symposia Mathematica.
|n Volume XII /
|c Istituto Nazionale di Alta Matematica.
|
| 260 |
|
|
|a London :
|b Academic Press,
|c 1973.
|
| 300 |
|
|
|a 358 σ. ;
|c 25 εκ.
|
| 490 |
0 |
|
|a Pubblicazione dell'Istituto nazionale di alta matematica.
|
| 505 |
1 |
|
|a Περιλαμβάνει βιβλιογραφικές παραπομπές.
|
| 650 |
|
4 |
|a Σχετικότητα (Φυσική)
|9 120
|
| 852 |
|
|
|a GR-PaULI
|b ΠΑΤΡΑ
|b ΦΥΣΙΚΟ
|k ΑΕΧ-1
|h 530.12 IND
|m 01581
|t 1
|
| 942 |
|
|
|2 ddc
|c BK15
|